| 000 | 01545cam a2200277 4500 | ||
|---|---|---|---|
| 001 | ABS67978 | ||
| 008 | 040705n2004 000 0 eng u | ||
| 035 | _a(Sirsi) u126702 | ||
| 100 | _aMcCartney, P. | ||
| 245 | _aLaw lords ease the burden of access | ||
| 260 | _c2004 | ||
| 490 |
_aEstates Gazette _v(0426) 26 June 2004, 184-186(3) |
||
| 520 | _a"Bakewell Management Ltd v Brandwood" ([2004] UKHL 14, Abs67683) sets an important precedent for property owners requiring vehicular access over common land."Bakewell" implies that where vehicular access has taken place for more than 20 years there is an established right of access under the prescription rules. Refers to previous precedents "Hanning v Top Deck Travel Group Ltd" (CA, [1994] 68 P&CR 14) and "Massey v Boulden" ([2002] EWCA Civ 1634, Abs66173) which "upheld" the rights of the landowners. Notes that "Bakewell" does not address the question of town and village greens. States that "Bakewell" undermines the Countryside and Rights of Way Act 2000 s68. For DEFRA guidance on "Bakewell" see WB4019-16. | ||
| 590 | _aABS | ||
| 590 | _aABS | ||
| 650 | _aBAKEWELL MANAGEMENT LTD V BRANDWOOD AND OTHERS | ||
| 650 | _aHANNING V TOP DECK TRAVEL GROUP LTD | ||
| 650 | _aMASSEY AND ANOTHER V BOULDEN AND ANOTHER | ||
| 650 | _aVEHICULAR ACCESS | ||
| 650 | _aRIGHT OF ACCESS | ||
| 650 | _aPRESCRIPTIVE RIGHTS | ||
| 650 | _aLAW OF PROPERTY ACT 1925 | ||
| 650 | _aCOUNTRYSIDE AND RIGHTS OF WAY ACT 2000 | ||
| 690 | _aBOUNDARIES, PARTY WALLS AND EASEMENTS | ||
| 942 | _n0 | ||
| 999 |
_c117649 _d117649 |
||